Currencies of Europe - Statistics

General Stats
  • This quiz has been taken 54 times
    28 since last reset
  • The average score is 5 of 19
Answer Stats
Hint Currency % Correct
# Euro
100%
# Pound sterling
79%
# Danish krone
32%
# Russian ruble
26%
# Hungarian forint
21%
# Norwegian krone
21%
# Polish Zloty
21%
# Swiss franc
21%
# Belarusian ruble
16%
# Czech koruna
16%
# Icelandic krona
16%
# Macedonian denar
16%
# Romanian leu
16%
# Serbian dinar
16%
# Ukrainian hryvnia
16%
# Albanian lek
11%
# Bosnia and Herzegovinaconvertible mark
5%
# Moldovan leu
5%
# Faroese krona
0%
No matching quizzes found
Score Distribution
Percent of People with Each Score
Percentile by Number Answered
Your Score History
You have not taken this quiz since the last reset